| 000 | 00436 a2200157 4500 | ||
|---|---|---|---|
| 003 | OSt | ||
| 005 | 20240116155803.0 | ||
| 008 | 240116b |||||||| |||| 00| 0 eng d | ||
| 020 | _a9788182719927 | ||
| 040 | _coclc | ||
| 082 |
_a954 _bSHO/G |
||
| 245 |
_aGandhiyum muslimkalim arab lokavum / _cAbdunabi al-Shoala |
||
| 260 |
_aKerala: _bIPH, _c2020 |
||
| 300 | _a216p | ||
| 942 |
_2ddc _cBK _h954 _iSHO/G _k954 _mSHO/G |
||
| 999 |
_c43224 _d43224 |
||